The excludables : from mainstream classroom to prison education (Record no. 85986)

MARC details
000 -LEADER
fixed length control field 00928 a2200253 4500
003 - CONTROL NUMBER IDENTIFIER
control field CBULib
005 - DATE AND TIME OF LATEST TRANSACTION
control field 20250131105353.0
008 - FIXED-LENGTH DATA ELEMENTS--GENERAL INFORMATION
fixed length control field 250131b |||||||| |||| 00| 0 eng d
020 ## - INTERNATIONAL STANDARD BOOK NUMBER
International Standard Book Number 9781913622800
040 ## - CATALOGING SOURCE
Language of cataloging English
Transcribing agency CBULib
Description conventions rda
050 ## - LIBRARY OF CONGRESS CALL NUMBER
Classification number LB 3089.4.G7 Ste
100 ## - MAIN ENTRY--PERSONAL NAME
Personal name Stern, Kat
245 ## - TITLE STATEMENT
Title The excludables : from mainstream classroom to prison education
Statement of responsibility, etc / by Kat Stern
260 ## - PUBLICATION, DISTRIBUTION, ETC. (IMPRINT)
Name of publisher, distributor, etc John Catt,
Date of publication, distribution, etc 2022
Place of publication, distribution, etc Woodbridge :
300 ## - PHYSICAL DESCRIPTION
Extent 342 pages
336 ## - CONTENT TYPE
Source rdacontent
Content type term Text |
Content type code txt
337 ## - MEDIA TYPE
Source rdamedia
Media type term Unmediated |
Media type code n
338 ## - CARRIER TYPE
Source rdacarrier
Carrier type term Volume
Carrier type code nc
500 ## - GENERAL NOTE
General note Includes bibliographical references.
650 #0 - SUBJECT ADDED ENTRY--TOPICAL TERM
9 (RLIN) 4332
Topical term or geographic name as entry element STUDENT EXPULSION - SOCIAL ASPECTS - GREAT BRITAIN - HISTORY - 21ST CENTURY
650 #0 - SUBJECT ADDED ENTRY--TOPICAL TERM
9 (RLIN) 4333
Topical term or geographic name as entry element AT-RISK YOUTH-GREAT BRITAIN - SOCIAL CONDITIONS - 21ST CENTURY
650 #0 - SUBJECT ADDED ENTRY--TOPICAL TERM
9 (RLIN) 4334
Topical term or geographic name as entry element HIGH SCHOOL STUDENTS - GREAT BRITAIN - SOCIAL CONDITIONS - 21ST CENTURY
942 ## - ADDED ENTRY ELEMENTS (KOHA)
Source of classification or shelving scheme
Koha item type MONOGRAPH
Holdings
Withdrawn status Lost status Source of classification or shelving scheme Damaged status Not for loan Collection code Permanent Location Current Location Shelving location Date acquired Source of acquisition Total Checkouts Full call number Barcode Date last seen Price effective from Koha item type
          Main Library Open Access Collection CBU-MAIN LIBRARY, KITWE. CBU-MAIN LIBRARY, KITWE. General Stacks 01/31/2025 BOOK AID INTERNATIONAL   LB 3089.4.G7 Ste 753390 01/31/2025 01/31/2025 MONOGRAPH